L’osservazione delle stelle variabili

L’osservazione delle stelle variabili è uno dei principali contributi che gli astronomi dilettanti possono offrire alla scienza e questo libro fornisce tutte le informazioni necessarie per dedicarvisi con profitto. Nella prima parte vengono presentate in dettaglio le diverse classi di variabili, con...

Full description

Bibliographic Details
Main Author: Good, Gerry A. (Author)
Corporate Author: SpringerLink (Online service)
Format: Electronic eBook
Language:Italian
Published: Milano : Springer Milan, 2008.
Series:Le Stelle
Subjects:
Online Access:Full Text via HEAL-Link
LEADER 02927nam a22004575i 4500
001 978-88-470-0749-9
003 DE-He213
005 20151204181351.0
007 cr nn 008mamaa
008 100301s2008 it | s |||| 0|ita d
020 |a 9788847007499  |9 978-88-470-0749-9 
024 7 |a 10.1007/978-88-470-0749-9  |2 doi 
040 |d GrThAP 
050 4 |a QB4 
072 7 |a PG  |2 bicssc 
072 7 |a SCI004000  |2 bisacsh 
072 7 |a NAT033000  |2 bisacsh 
082 0 4 |a 520  |2 23 
100 1 |a Good, Gerry A.  |e author. 
245 1 0 |a L’osservazione delle stelle variabili  |h [electronic resource] /  |c by Gerry A. Good. 
264 1 |a Milano :  |b Springer Milan,  |c 2008. 
300 |a VII, 262 pagg.  |b online resource. 
336 |a text  |b txt  |2 rdacontent 
337 |a computer  |b c  |2 rdamedia 
338 |a online resource  |b cr  |2 rdacarrier 
347 |a text file  |b PDF  |2 rda 
490 1 |a Le Stelle 
505 0 |a Osservare le stelle variabili -- Le stelle variabili -- Le variabili eruttive -- Le variabili pulsanti -- Le variabili cataclismiche (esplosive e novalike) -- Le variabili rotanti -- I sistemi binari stretti a eclisse -- Le binarie strette otticamente variabili sorgenti di radiazione X intensa e variabile (sorgenti X) -- Un approccio generale all’osservazione delle stelle variabili -- Pianificazione dell’osservazione di variabili -- Preparazione dell’osservazione di variabili -- Tecniche di osservazione delle variabili -- Gestione, elaborazione e analisi dei dati osservativi di variabili -- Organizzazioni di raccolta e registrazione di osservazioni di variabili -- Osservazioni di variabili e astrofili. 
520 |a L’osservazione delle stelle variabili è uno dei principali contributi che gli astronomi dilettanti possono offrire alla scienza e questo libro fornisce tutte le informazioni necessarie per dedicarvisi con profitto. Nella prima parte vengono presentate in dettaglio le diverse classi di variabili, con esempi, curve di luce e descrizioni fisiche. La seconda sezione copre invece tutti gli aspetti pratici dell’osservazione: dalla preparazione e la pianificazione, alle tecniche osservative, fino alla gestione e all’elaborazione dei dati. Questo è un volume indispensabile e completo per chi voglia impegnarsi nell’osservazione delle stelle variabili, adatto per tutti gli astrofili, dai principianti fino a quelli che hanno già maturato un discreto livello d’esperienza e di abilità. 
650 0 |a Physics. 
650 0 |a Observations, Astronomical. 
650 0 |a Astronomy  |x Observations. 
650 1 4 |a Physics. 
650 2 4 |a Astronomy, Observations and Techniques. 
710 2 |a SpringerLink (Online service) 
773 0 |t Springer eBooks 
776 0 8 |i Printed edition:  |z 9788847007482 
830 0 |a Le Stelle 
856 4 0 |u http://dx.doi.org/10.1007/978-88-470-0749-9  |z Full Text via HEAL-Link 
912 |a ZDB-2-PHA 
950 |a Physics and Astronomy (Springer-11651)